Surveying / (Record no. 2082)

MARC details
000 -LEADER
fixed length control field 00603nam a2200217 4500
003 - CONTROL NUMBER IDENTIFIER
control field OSt
005 - DATE AND TIME OF LATEST TRANSACTION
control field 20240708024609.0
008 - FIXED-LENGTH DATA ELEMENTS--GENERAL INFORMATION
fixed length control field 240708b |||||||| |||| 00| 0 eng d
020 ## - INTERNATIONAL STANDARD BOOK NUMBER
International Standard Book Number 9812359273
040 ## - CATALOGING SOURCE
Original cataloging agency DWCL-Main lib.
Transcribing agency OC
082 ## - DEWEY DECIMAL CLASSIFICATION NUMBER
Edition number Seventh edition
Classification number Circ. 526.9 B227 2000
006 - FIXED-LENGTH DATA ELEMENTS--ADDITIONAL MATERIAL CHARACTERISTICS
fixed length control field a
100 ## - MAIN ENTRY--PERSONAL NAME
Personal name Raymond, Stanley
245 ## - TITLE STATEMENT
Title Surveying /
250 ## - EDITION STATEMENT
Edition statement Seventh edition
260 ## - PUBLICATION, DISTRIBUTION, ETC.
Place of publication, distribution, etc. Massachusetts:
Name of publisher, distributor, etc. Addison-Wesley,
Date of publication, distribution, etc. c2000.
300 ## - PHYSICAL DESCRIPTION
Extent viii,
Other physical details 502 p. : ill. ;
Dimensions 24 cm.
504 ## - BIBLIOGRAPHY, ETC. NOTE
Bibliography, etc. note Includes index.<br/>
650 ## - SUBJECT ADDED ENTRY--TOPICAL TERM
Topical term or geographic name entry element 1. Surveying.
942 ## - ADDED ENTRY ELEMENTS (KOHA)
Source of classification or shelving scheme Dewey Decimal Classification
Suppress in OPAC No
Koha item type Book Circulation
Edition Seventh edition
Call number prefix Circ.
Holdings
Withdrawn status Lost status Source of classification or shelving scheme Damaged status Not for loan Home library Current library Date acquired Source of acquisition Total Checkouts Full call number Barcode Date last seen Copy number Price effective from Koha item type Uniform Resource Identifier
    Dewey Decimal Classification     College Library College Library 01/28/2010 School Fund   Circ. 526.9 B227 2000 35747 07/08/2024 c1 07/08/2024 Book Circulation
    Dewey Decimal Classification     College Library College Library 01/28/2010 School Fund   Circ. 526.9 B227 2000 35748 07/08/2024 c2 07/08/2024 Book Circulation
    Dewey Decimal Classification     College Library College Library 01/28/2010 School Fund   Circ. 526.9 B227 2000 35749 07/08/2024 c3 07/08/2024 Book Circulation
    Dewey Decimal Classification     College Library College Library 01/28/2010 School Fund   Circ. 526.9 B227 2000 39432 07/08/2024 c4 07/08/2024 Book Circulation
    Dewey Decimal Classification     College Library College Library 01/28/2010 School Fund   Circ. 526.9 B227 2000 39433 07/08/2024 c5 07/08/2024 Book Circulation
    Dewey Decimal Classification     College Library College Library 01/28/2010 School Fund   Circ. 526.9 B227 2000 39434 07/08/2024 c6 07/08/2024 Book Circulation
    Dewey Decimal Classification     College Library College Library 01/28/2010 School Fund   Circ. 526.9 B227 2000 46971 07/08/2024 c7 07/08/2024 Book Circulation
    Dewey Decimal Classification     College Library College Library 01/28/2010 School Fund   Circ. 526.9 B227 2000 47341 07/08/2024 c8 07/08/2024 Book Circulation